000
00344nam a2200133Ia 4500
008
100328s9999 xx 000 0 und d
082
_b
21377
100
_a
पारगावकर वि.शं.
245
_a
ललाट
260
_b
इनामदार बनु
630
_a
ललाट
730
_a
ललाट
942
_c
BOOK
999
_c
515407
_d
515404